| 000 | 00778nam a2200253 a 4500 | ||
|---|---|---|---|
| 005 | 20210219153212.0 | ||
| 008 | 991125n 000 0 u | ||
| 035 | _aUPN01000083935 | ||
| 100 | _aGreene, A. L. | ||
| 222 | _aJOURNAL OF YOUTH AND ADOLESCENCE | ||
| 245 | _a"I've got a lot to do and I don't think I'll have the time" : Gender differences in late adolescents' narratives of the future | ||
| 300 | _a667-686 | ||
| 362 | _a21, No. 6, 1992 | ||
| 505 | _aJulio 1993 | ||
| 653 | 0 | _aADOLESCENTES | |
| 653 | 0 | _aDIFERENCIAS SEXUALES | |
| 653 | 0 | _aESTUDIANTES EN EL COLEGIO | |
| 653 | 0 | _aMEDIDAS PREDICTIVAS | |
| 653 | 0 | _aPERSPECTIVA DEL TIEMPO | |
| 653 | 0 | _aRELATOS PERSONALES | |
| 700 | _aWheatley, Susan M. | ||
| 904 |
_aAC _b021746 |
||
| 905 | _aArticulo | ||
| 999 |
_c70938 _d70938 |
||